Normal view
MARC view
Entry Personal Name
001 - CONTROL NUMBER
- control field: 1207196
003 - CONTROL NUMBER IDENTIFIER
- control field: OSt
005 - DATE AND TIME OF LATEST TRANSACTION
- control field: 20260324141154.0
008 - FIXED-LENGTH DATA ELEMENTS
- fixed length control field: 260324|| aca||aabn | a|a d
040 ## - CATALOGING SOURCE
- Original cataloging agency: OSt
- Transcribing agency: OSt
100 ## - HEADING--PERSONAL NAME
- Personal name: R L Winder; I. A. Beeson; S K Probert
670 ## - SOURCE DATA FOUND
- Source citation: Work cat.: (OSt)1809997: R L Winder; I. A. Beeson; S K Probert, Philosophical Issues In Information Systems
